Prvá prehra doma V nedeľu v Nitre: Slovensko-Nórsko 2:3 (1:1,1:0,0:2)

Bibliographic Details
Main Authors: Bednarič, Ján (Author), Náprstek, Maroš (Author)
Format: Article
Language:Slovak
Subjects:

MARC

LEADER 00000nab a2200000 a 4500
001 vtls000525086
003 SK-MaSNL
005 20260303010409.0
008 120928c1994 xo 0 slo
015 |a SNBRB19rr/mm-uuuuu 
035 |a CL0525224 
040 |a SNKBUCL  |b slo  |c SNKBUCL  |e AACR2 
041 0 |a slo 
044 |a xo  |c SK 
080 |a 796.966.093.1  |2 1981 
100 1 |a Bednarič, Ján  |4 aut  |9 11478 
245 1 0 |a Prvá prehra doma  |b V nedeľu v Nitre: Slovensko-Nórsko 2:3 (1:1,1:0,0:2)  |c Ján Bednarič, Maroš Náprstek 
650 0 7 |a ľadový hokej  |2 snkbucl  |9 3231 
655 7 |a články z novín a časopisov  |2 snkbucl  |9 267496 
700 1 |a Náprstek, Maroš  |4 aut  |9 612289 
773 0 |t Šport  |g Roč. 48, č. 201 (30. 8. 1994), s. 13 
850 |a Slovenská národná knižnica v Martine  |a MTA001 
852 |a SNK  |b KIS3GCP 
958 |a RK 
992 |a RBX 
999 |c 1586892  |d 1588822